000 00909nam a22002177a 4500
010 _aB-138059
020 _c250.00
035 _aB-138059
037 _aCen Lib/Ret
040 _aDPL
_bHN
082 _a388.341
_bरिक्शाए
245 _aरिक्शा : एक महागाथा :
_bपहचान संग्रस और दावेदारी /
_cसम्पादक राजेन्द्र रवि
246 _aRickshaw : Ekmahagatha /
_bedited by Rajendra Ravi
260 _aनई दिल्ली
_bवाणी प्रकाशन
_c2004
270 _a21-ए, दरयागंज
_bनई दिल्ली
_e110054
300 _a228p ;
_b24cm
650 _aRickshaw men
_9117077
650 _aSocial conditions
_91609
700 _aराजेन्द्र रवि
_97895
942 _2ddc
_cHN
_h388.341
_mरिक्शाए
999 _c121953
_d121953